000 00225nam a22000857a 4500
008 161128b xxu||||| |||| 00| 0 eng d
100 _91496
_aBala.R.
245 _aCCE Manual Social Science-IX-I
260 _aNew Delhi
_bS. Chand
_c2011
999 _c4221
_d4221